Praktikum okresných knihovníkov v Ružomberku

Správa o priebehu školenia okresných knihovníkov v Ružomberku 22.9.-18.10.1952 informuje o obsahu praktickej časti, diskusii a kolektívnom čítaní. V závere je autorove hodnotenie školenia a hodnotenie jeho účastníkov

Bibliographic Details
Main Author: Pavlík, Ján (Author)
Format: Article
Language:Slovak
Subjects:
Online Access:plný text

MARC

LEADER 00000nab a2200000 4500
001 vtls008694360
003 SK-MaSNL
005 20260304134443.0
008 250505 1952 xo p 000 0 slo
015 |a SNBRRBDKK190120XX 
035 |a (urnnbn)urn:nbn:sk:snk:ar-006a2m 
035 |a urn:nbn:sk:snk-abbzyg 
035 |a (uuid)00d1addf-46ad-42af-900f-749b90f29ee5 
040 |a SNKBUCL  |b slo  |c SNKBUCL  |e AACR2 
041 0 |a slo 
044 |a xo  |c SK 
080 |a 027.53-057.1  |2 1997 
080 |a 331.36  |2 1997 
100 1 |a Pavlík, Ján  |4 aut  |9 8863 
245 1 0 |a Praktikum okresných knihovníkov v Ružomberku  |c Ján Pavlík 
300 |b il. 
500 |a Fotogr. s. 324 
520 2 |a Správa o priebehu školenia okresných knihovníkov v Ružomberku 22.9.-18.10.1952 informuje o obsahu praktickej časti, diskusii a kolektívnom čítaní. V závere je autorove hodnotenie školenia a hodnotenie jeho účastníkov 
650 0 7 |a okresné knižnice  |x knihovníci  |x školenia  |z Ružomberok (Slovensko)  |y 1952  |x správyy  |2 snkbudkk  |9 1452383 
773 0 |t Čitateľ : mesačník pre prácu s čitateľmi  |g Roč. 1, č. 10 (1952), s. 328-331 
850 |a Slovenská národná knižnica 
852 |a Slovenská národná knižnica 
856 4 1 |u http://www.viks.sk/dkk/citatel1952_328_331.doc  |y plný text 
910 |a bdkk  |a memoriask 
954 |a odborná, vedecká literatúra pôvodná (slovenská)  |2 lita 
958 |a article15 
958 |a OND 
958 |a EUIPO 
999 |c 2906878  |d 2908808